000 00440nam a2200181Ia 4500
001 9919
005 20260306161754.0
008 260306t2009||||xx |||||||||||||| ||spa||
041 _aESP
082 _a808.51
_bP75 2009
100 _aPolito, Reinaldo
_eAUT
245 0 _aCómo hablar bien en público:
_bcada palabra puede ser decisiva
260 _c2009
300 _a
_c
650 _aGEN
654 _aCHU
942 _cLIB
_dJUS
_fJUS
_2ddc
_n
999 _c9919
_d9919